000 00781nam a2200229Ia 4500
003 GCL
008 140319s9999 xx 000 0 ara d
040 _aGCL /
_cGCL
082 0 4 _a235
_bم أ
100 1 _aمحمود توفيق الحكيم
245 1 0 _aالاحاديث القدسية /
_cمحمود توفيق الحكيم
250 _aالاولى
260 _aالقاهرة :
_bمكتبة مدبولى ،
_c1999
300 _a484 ص ؛
_c24 سم
650 0 4 _aالحديث - صحيح مسلم
650 0 4 _aالاحاديث القدسية
650 0 4 _aالحديث - سنن ابو داود
650 0 4 _aالحديث - صحيح بخارى
650 0 4 _aالحديث - سنن الترمذى
650 0 4 _aالحديث - سنن النسائى
942 _2ddc
_cBK
999 _c4933
_d4933